|
|
|
|
| LEADER |
02105nam a2200553 a 4500 |
| 001 |
nkc20112201484 |
| 003 |
CZ PrNK |
| 005 |
20141209143149.0 |
| 007 |
ta |
| 008 |
110929s2010 xr f 001 0 cze |
| 015 |
|
|
|a cnb002201484
|
| 020 |
|
|
|a 978-80-7331-201-5
|q (Akademie múzických umění ;
|q brož.)
|
| 035 |
|
|
|a (OCoLC)761168926
|
| 040 |
|
|
|a ABA001
|b cze
|
| 041 |
0 |
|
|a cze
|b eng
|b ger
|
| 043 |
|
|
|a e-xr---
|
| 045 |
|
|
|a x-x-
|
| 072 |
|
7 |
|a 792
|x Divadlo. Divadelní představení
|2 Konspekt
|9 3
|
| 080 |
|
|
|a 792
|2 MRF
|
| 080 |
|
|
|a 792.028
|2 MRF
|
| 080 |
|
|
|a (437.3)
|2 MRF
|
| 080 |
|
|
|a (048.8)
|2 MRF
|
| 100 |
1 |
|
|a Musilová, Martina,
|d 1969-
|7 jx20070822012
|4 aut
|
| 245 |
1 |
0 |
|a Fauefekt :
|b vlivy Brechtova epického divadla a zcizujícího efektu v českém moderním herectví /
|c Martina Musilová
|
| 250 |
|
|
|a Vyd. 1.
|
| 260 |
|
|
|a Praha :
|b NAMU :
|b Brkola,
|c 2010
|
| 300 |
|
|
|a 310 s. ;
|c 19 cm
|
| 504 |
|
|
|a Obsahuje bibliografii, bibliografické odkazy a rejstřík
|
| 546 |
|
|
|a Anglické a německé resumé
|
| 600 |
1 |
7 |
|a Brecht, Bertolt,
|d 1898-1956
|7 jn19990001059
|2 czenas
|
| 648 |
|
7 |
|a 20. století
|7 ch460558
|2 czenas
|
| 650 |
0 |
7 |
|a divadlo
|7 ph119513
|y 20. století
|2 czenas
|
| 650 |
0 |
7 |
|a herectví
|7 ph120683
|y 20. století
|2 czenas
|
| 650 |
0 |
7 |
|a divadlo
|7 ph119513
|z Česko
|y 20. století
|2 czenas
|
| 650 |
0 |
7 |
|a herectví
|7 ph120683
|z Česko
|y 20. století
|2 czenas
|
| 650 |
0 |
9 |
|a theater
|y 20th century
|2 eczenas
|
| 650 |
0 |
9 |
|a acting
|y 20th century
|2 eczenas
|
| 650 |
0 |
9 |
|a theater
|z Czechia
|y 20th century
|2 eczenas
|
| 650 |
0 |
9 |
|a acting
|z Czechia
|y 20th century
|2 eczenas
|
| 655 |
|
7 |
|a studie
|7 fd133597
|2 czenas
|
| 655 |
|
9 |
|a studies
|2 eczenas
|
| 856 |
4 |
1 |
|u http://www.digitalniknihovna.cz/mzk/uuid/uuid:32f560e0-b2ec-11eb-b0e5-005056827e51
|y Digitalizovaný dokument
|x NDK
|
| 910 |
2 |
|
|a BOA001
|b 1-1337.673
|
| 928 |
9 |
|
|a Akademie múzických umění
|
| 928 |
9 |
|
|a Nakladatelství Akademie múzických umění
|
| 990 |
|
|
|a BK
|
| 995 |
|
|
|a 01
|
| 991 |
|
|
|b 201412
|c NOV
|e n
|
| 996 |
6 |
|
|b 2610614129
|c 1-1337.673
|l MZK
|r Sklad / do 1 hodiny
|n 5
|p p.v.
|w 001476479
|u 000010
|a 1
|e BOA001
|j MZK50
|s P
|